Visualizzazione normale
Vista MARC
- Farina, Vittoria
di Personal Name
Records bibliografici associati: 1
001 - CONTROL NUMBER
- control field: 24947
003 - CONTROL NUMBER IDENTIFIER
- control field: IT-RoPau
005 - DATE AND TIME OF LATEST TRANSACTION
- control field: 20140514151502.0
008 - FIXED-LENGTH DATA ELEMENTS
- fixed length control field: 140514|| aca||aabn | a|a d
040 ## - CATALOGING SOURCE
- Original cataloging agency: IT-RoPau
- Transcribing agency: IT-RoPau
100 ## - HEADING--PERSONAL NAME
- Personal name: Farina, Vittoria
670 ## - SOURCE DATA FOUND
- Source citation: Work cat.: (IT-RoPau)23700: Farina, Vittoria, Teologia liturgica di alcuni prefazi del nuovo messale., 1972